[Event "Hastings Masters 2024/25 98th"]
[Site "Hastings"]
[Date "2024.12.30"]
[Round "4.54"]
[White "Graham, Oliver"]
[Black "Blewitt, Stephen"]
[Result "0-1"]
[WhiteElo "1789"]
[BlackElo "1831"]
[PlyCount "184"]
[EventDate "2024.12.28"]
[EventType "swiss"]
[EventRounds "9"]
[EventCountry "ENG"]
[SourceTitle "BritBase"]
[Source "John Saunders"]
[SourceDate "2025.01.10"]
[SourceVersion "1"]
[SourceVersionDate "2025.01.10"]
[SourceQuality "1"]

1. e4 c6 2. d4 d5 3. Nd2 e6 4. Ngf3 dxe4 5. Nxe4 Nf6 6. Bd3 h6 7. O-O Be7 8. Re1 Nbd7 9. c3 Nxe4 10. Bxe4 Nf6 11. Bc2 O-O 12. Bf4 c5 13. Qe2 Qb6 14. h3 cxd4 15. Nxd4 Bd7 16. Be5 Rfe8 17. Rad1 Rad8 18. Rb1 a6 19. Qf3 Bc6 20. Qg3 Rc8 21. Qe3 Bd5 22. b3 Qa5 23. c4 Bc6 24. Nxc6 Rxc6 25. Ra1 Qc5 26. Qf3 Nd7 27. Bb2 Bf6 28. Bxf6 Nxf6 29. Rad1 b5 30. Bd3 b4 31. Bc2 a5 32. Rd3 Rd6 33. Red1 Rxd3 34. Qxd3 g6 35. Qf3 Kg7 36. Qd3 Qe5 37. Bb1 Re7 38. Qd8 Qc5 39. Qa8 Rd7 40. Rxd7 Nxd7 41. Qe4 Nf6 42. Qe3 Qxe3 43. fxe3 Nd7 44. Kf2 Kf6 45. Kf3 Ke5 46. h4 g5 47. g3 f5 48. hxg5 hxg5 49. g4 Nc5 50. Bc2 Nd7 51. gxf5 exf5 52. Kg2 Nc5 53. Kf2 Ne6 54. Ke2 Nc5 55. Ke1 Ne6 56. Kf1 Nc5 57. Kf2 Ne6 58. Kg3 Nc5 59. Kf3 Ne6 60. Bb1 Nc5 61. Kg2 Ne6 62. Kf2 Nc5 63. Kf3 Ne6 64. Ke2 Nc5 65. Bd3 Ne6 66. Kd2 Nc5 67. Bb1 Ne6 68. Bd3 Nc5 69. Bf1 Ne4+ 70. Kc2 Nc5 71. Bg2 Ne6 72. Kb2 Nc5 73. a3 f4 74. exf4+ Kxf4 75. axb4 axb4 76. Kc2 Ke3 77. Bh3 Kf3 78. Kd2 Nxb3+ 79. Kd3 g4 80. Bxg4+ Kxg4 81. c5 Nxc5+ 82. Kc4 b3 83. Kc3 Kf4 84. Kd2 Ke4 85. Kc3 Kd5 86. Kb2 Kc4 87. Kc1 Kc3 88. Kb1 Ne4 89. Kc1 b2+ 90. Kb1 Nd2+ 91. Ka2 b1=Q+ 92. Ka3 Qb3# 0-1

[Event "Hastings Masters 2024/25 98th"]
[Site "Hastings"]
[Date "2024.12.31"]
[Round "5.1"]
[White "Vestby-Ellingsen, Mads"]
[Black "Xue, Haowen"]
[Result "1/2-1/2"]
[WhiteElo "2383"]
[BlackElo "2502"]
[PlyCount "105"]
[EventDate "2024.12.28"]
[EventType "swiss"]
[EventRounds "9"]
[EventCountry "ENG"]
[SourceTitle "BritBase"]
[Source "John Saunders"]
[SourceDate "2025.01.10"]
[SourceVersion "1"]
[SourceVersionDate "2025.01.10"]
[SourceQuality "1"]

1. d4 Nf6 2. c4 e6 3. Nf3 b6 4. a3 Bb7 5. Nc3 Ne4 6. Nxe4 Bxe4 7. Bg5 Be7 8. Bxe7 Qxe7 9. e3 O-O 10. Bd3 Bb7 11. O-O d6 12. d5 e5 13. e4 c5 14. dxc6 Nxc6 15. b4 Nd8 16. Re1 Ne6 17. Rc1 g6 18. Qd2 f5 19. Bb1 Rad8 20. Qb2 Qf6 21. a4 Kh8 22. Rc3 Bc6 23. Ra3 a5 24. bxa5 bxa5 25. Qb6 Ba8 26. Qxa5 Rb8 27. Qd2 Nc5 28. exf5 gxf5 29. Qg5 Rb4 30. Qxf6+ Rxf6 31. Ba2 Bxf3 32. Rxf3 Rxa4 33. Bb1 e4 34. Rc3 Kg7 35. f3 Ra1 36. fxe4 fxe4 37. Rce3 Rf5 38. Bc2 Rxe1+ 39. Rxe1 h5 40. Re2 Rf4 41. g3 Rg4 42. Kg2 e3 43. Rxe3 Rxc4 44. Bd1 Kg6 45. Re8 Rd4 46. Bf3 h4 47. gxh4 Rxh4 48. Kg3 Rd4 49. h4 d5 50. h5+ Kg7 51. Re7+ Kh6 52. Re5 Ne4+ 53. Bxe4 1/2-1/2

[Event "Hastings Masters 2024/25 98th"]
[Site "Hastings"]
[Date "2024.12.31"]
[Round "5.2"]
[White "Zhang, Pengxiang"]
[Black "Kovchan, Alexander"]
[Result "1-0"]
[WhiteElo "2567"]
[BlackElo "2455"]
[PlyCount "106"]
[EventDate "2024.12.28"]
[EventType "swiss"]
[EventRounds "9"]
[EventCountry "ENG"]
[SourceTitle "BritBase"]
[Source "John Saunders"]
[SourceDate "2025.01.10"]
[SourceVersion "1"]
[SourceVersionDate "2025.01.10"]
[SourceQuality "1"]

1. e4 c5 2. Nf3 d6 3. d4 cxd4 4. Nxd4 Nf6 5. Nc3 a6 6. h3 e6 7. g4 d5 8. exd5 Nxd5 9. Nde2 Nxc3 10. Qxd8+ Kxd8 11. Nxc3 Bd7 12. Bg2 Bc6 13. O-O Bxg2 14. Kxg2 Nd7 15. Ne4 h5 16. Rd1 hxg4 17. hxg4 Ke8 18. Bf4 Rc8 19. Rd2 Nf6 20. Nxf6+ gxf6 21. Rad1 Bh6 22. Bxh6 Rxh6 23. Rd7 Rg6 24. c3 b5 25. Ra7 Rxg4+ 26. Kf3 Rh4 27. Rdd7 Rh3+ 28. Ke2 b4 29. Re7+ Kf8 30. Rxf7+ Kg8 31. Rxf6 bxc3 32. bxc3 Rc6 33. Rg6+ Kf8 34. Rgg7 Rhxc3 35. Rgd7 Rc8 36. Rxa6 R3c7 37. Rxc7 Rxc7 38. Kd3 Ke7 39. Ra8 Rd7+ 40. Ke3 Rb7 41. a4 Rb3+ 42. Ke4 Rb2 43. f3 Re2+ 44. Kd3 Rf2 45. Ke3 Ra2 46. a5 Ra4 47. a6 Kd6 48. a7 Ra3+ 49. Kf4 Ra4+ 50. Kg3 Ke5 51. f4+ Ke4 52. f5 Ra3+ 53. Kh4 Kd5 1-0

[Event "Hastings Masters 2024/25 98th"]
[Site "Hastings"]
[Date "2024.12.31"]
[Round "5.3"]
[White "Boyer, Mahel"]
[Black "Siva Mahadevan"]
[Result "0-1"]
[WhiteElo "2526"]
[BlackElo "2349"]
[PlyCount "74"]
[EventDate "2024.12.28"]
[EventType "swiss"]
[EventRounds "9"]
[EventCountry "ENG"]
[SourceTitle "BritBase"]
[Source "John Saunders"]
[SourceDate "2025.01.10"]
[SourceVersion "1"]
[SourceVersionDate "2025.01.10"]
[SourceQuality "1"]

1. Nf3 d5 2. g3 Nf6 3. Bg2 c6 4. O-O Bg4 5. h3 Bh5 6. d4 Nbd7 7. c4 e6 8. Ne5 Bd6 9. Bf4 Qc7 10. Nxd7 Nxd7 11. Bxd6 Qxd6 12. cxd5 exd5 13. Nc3 O-O 14. Qb3 Nb6 15. f4 f5 16. e4 fxe4 17. Nxe4 Qe7 18. Nc5 Rae8 19. Qc3 Bf7 20. Rae1 Qc7 21. Qa5 Rxe1 22. Rxe1 g5 23. Re5 gxf4 24. gxf4 Qd6 25. Qxa7 Nc4 26. Rg5+ Bg6 27. Nd3 Nxb2 28. Ne5 Qb4 29. Kh2 Kh8 30. a3 Qd2 31. Rg4 Bh5 32. Rh4 Rg8 33. Ng4 Qxf4+ 34. Kh1 Re8 35. Qa5 Bg6 36. Rh6 Nd3 37. Rxg6 hxg6 0-1

[Event "Hastings Masters 2024/25 98th"]
[Site "Hastings"]
[Date "2024.12.31"]
[Round "5.4"]
[White "Roux, Baptiste"]
[Black "Stefansson, Vignir Vatnar"]
[Result "0-1"]
[WhiteElo "2338"]
[BlackElo "2537"]
[PlyCount "80"]
[EventDate "2024.12.28"]
[EventType "swiss"]
[EventRounds "9"]
[EventCountry "ENG"]
[SourceTitle "BritBase"]
[Source "John Saunders"]
[SourceDate "2025.01.10"]
[SourceVersion "1"]
[SourceVersionDate "2025.01.10"]
[SourceQuality "1"]

1. e4 d6 2. d4 Nf6 3. Nc3 e5 4. Nf3 Nbd7 5. Bc4 Be7 6. O-O c6 7. a4 a5 8. Re1 h6 9. Ba2 Qc7 10. Be3 Ng4 11. Qd2 O-O 12. Ne2 exd4 13. Bxd4 Nde5 14. Qf4 Nxf3+ 15. Qxf3 d5 16. Ng3 c5 17. h3 cxd4 18. hxg4 Qxc2 19. exd5 Qxb2 20. Ne4 Qb6 21. Qf4 Bb4 22. Red1 Bd7 23. g5 hxg5 24. Nxg5 Qh6 25. g3 Bd6 26. Qd2 Bxa4 27. Rdb1 Be7 28. f4 Bxg5 29. fxg5 Qh3 30. Qf4 Rac8 31. Rb2 Bc2 32. Rf1 Rc3 33. Rf3 Be4 34. Rh2 Rxf3 35. Rxh3 Rxf4 36. gxf4 Rd8 37. Ra3 Bxd5 38. Rxa5 Bxa2 39. Rxa2 d3 40. Rd2 Rd4 0-1

[Event "Hastings Masters 2024/25 98th"]
[Site "Hastings"]
[Date "2024.12.31"]
[Round "5.5"]
[White "Ghazarian, Kirk"]
[Black "Balaji, Aaravamudhan"]
[Result "1/2-1/2"]
[WhiteElo "2501"]
[BlackElo "2364"]
[PlyCount "104"]
[EventDate "2024.12.28"]
[EventType "swiss"]
[EventRounds "9"]
[EventCountry "ENG"]
[SourceTitle "BritBase"]
[Source "John Saunders"]
[SourceDate "2025.01.10"]
[SourceVersion "1"]
[SourceVersionDate "2025.01.10"]
[SourceQuality "1"]

1. d4 d5 2. Nf3 Nf6 3. Bf4 c5 4. e3 Nc6 5. Be2 Bf5 6. dxc5 e6 7. Nd4 Bxc5 8. Nxf5 exf5 9. O-O O-O 10. c3 Ne4 11. Nd2 a6 12. Nxe4 dxe4 13. Qxd8 Rfxd8 14. Rfd1 Kf8 15. Bc4 Ke8 16. Kf1 Be7 17. h3 Bf6 18. g4 g6 19. Bd5 Ne5 20. Bxe5 Bxe5 21. gxf5 gxf5 22. Bxb7 Rab8 23. Bc6+ Ke7 24. Rxd8 Rxd8 25. Rc1 Rd6 26. Ba4 Rh6 27. Rd1 Rxh3 28. Rd7+ Kf6 29. Bb3 Rh1+ 30. Kg2 Rb1 31. Rxf7+ Kg5 32. Be6 Bf6 33. b4 h5 34. Rc7 Be5 35. Rc5 Kf6 36. Bc8 h4 37. Rc6+ Kg5 38. Rc5 Kf6 39. Rc6+ Kg5 40. Bd7 Rb2 41. Rc5 Kf6 42. Rc6+ Kg5 43. Rc5 Kf6 44. Rc6+ Kg5 45. Be8 f4 46. Rc5 h3+ 47. Kxh3 fxe3 48. Rxe5+ Kf4 49. Rxe4+ Kxe4 50. fxe3 Rxa2 51. b5 axb5 52. Bxb5 Ke5 1/2-1/2

[Event "Hastings Masters 2024/25 98th"]
[Site "Hastings"]
[Date "2024.12.31"]
[Round "5.6"]
[White "Grutter, Tim"]
[Black "Kaasen, Tor Fredrik"]
[Result "0-1"]
[WhiteElo "2379"]
[BlackElo "2473"]
[PlyCount "103"]
[EventDate "2024.12.28"]
[EventType "swiss"]
[EventRounds "9"]
[EventCountry "ENG"]
[SourceTitle "BritBase"]
[Source "John Saunders"]
[SourceDate "2025.01.10"]
[SourceVersion "1"]
[SourceVersionDate "2025.01.10"]
[SourceQuality "1"]

1. e4 c5 2. Nf3 d6 3. Nc3 Nf6 4. e5 dxe5 5. Nxe5 a6 6. g3 Qd6 7. Nf3 b5 8. Bg2 Bb7 9. O-O e6 10. d3 Be7 11. a4 Qb6 12. axb5 axb5 13. Rxa8 Bxa8 14. Ne5 Bxg2 15. Kxg2 O-O 16. Qf3 Rc8 17. Ne4 Nbd7 18. Nxf6+ Nxf6 19. Bg5 Qd6 20. Re1 h6 21. Bf4 Qd5 22. Ra1 g5 23. Qxd5 Nxd5 24. Bd2 Bf6 25. f4 Bxe5 26. fxe5 c4 27. dxc4 Rxc4 28. c3 Re4 29. Kf3 Rxe5 30. Ra8+ Kh7 31. Rb8 g4+ 32. Kf2 Nf6 33. Bf4 Rh5 34. Kg2 Rd5 35. Be3 Ne4 36. Rb6 Nd2 37. Rb7 Nc4 38. Bc1 Kg6 39. Kf2 Nxb2 40. Ke2 Nc4 41. Rb8 h5 42. Rg8+ Kf5 43. Rf8 f6 44. Bh6 Kg6 45. Bc1 Re5+ 46. Kd1 Rf5 47. Rg8+ Kf7 48. Rb8 Rf1+ 49. Kc2 Rf2+ 50. Kd3 Ne5+ 51. Ke3 Rc2 52. Kd4 0-1

[Event "Hastings Masters 2024/25 98th"]
[Site "Hastings"]
[Date "2024.12.31"]
[Round "5.7"]
[White "Gormally, Daniel W"]
[Black "Bozinakis, Pavlos"]
[Result "1/2-1/2"]
[WhiteElo "2424"]
[BlackElo "2271"]
[PlyCount "47"]
[EventDate "2024.12.28"]
[EventType "swiss"]
[EventRounds "9"]
[EventCountry "ENG"]
[SourceTitle "BritBase"]
[Source "John Saunders"]
[SourceDate "2025.01.10"]
[SourceVersion "1"]
[SourceVersionDate "2025.01.10"]
[SourceQuality "1"]

1. d4 Nf6 2. Nf3 d5 3. c4 e6 4. Nc3 c5 5. e3 a6 6. a3 dxc4 7. Bxc4 b5 8. Ba2 Bb7 9. O-O cxd4 10. exd4 Be7 11. Re1 O-O 12. Bf4 Nc6 13. d5 Nxd5 14. Nxd5 exd5 15. Bxd5 Bf6 16. Bd6 Re8 17. Bxf7+ Kxf7 18. Qd5+ Kg6 19. Rxe8 Qxe8 20. g4 h6 21. Re1 Qd7 22. Qe4+ Kf7 23. Qd5+ Kg6 24. Qe4+ 1/2-1/2

[Event "Hastings Masters 2024/25 98th"]
[Site "Hastings"]
[Date "2024.12.31"]
[Round "5.8"]
[White "Kolka, David"]
[Black "Steiners, Emils"]
[Result "0-1"]
[WhiteElo "2020"]
[BlackElo "2193"]
[PlyCount "95"]
[EventDate "2024.12.28"]
[EventType "swiss"]
[EventRounds "9"]
[EventCountry "ENG"]
[SourceTitle "BritBase"]
[Source "John Saunders"]
[SourceDate "2025.01.10"]
[SourceVersion "1"]
[SourceVersionDate "2025.01.10"]
[SourceQuality "1"]

1. e4 c5 2. Nf3 Nc6 3. c3 Nf6 4. e5 Nd5 5. Bc4 Nb6 6. Bb3 d5 7. exd6 Qxd6 8. O-O Be6 9. Bxe6 Qxe6 10. Re1 Qd7 11. a4 e6 12. a5 Nd5 13. a6 b6 14. d4 cxd4 15. Nxd4 Be7 16. Na3 Nxd4 17. Qxd4 Bf6 18. Qd3 Rd8 19. Nb5 O-O 20. Ra4 Qc6 21. Qc4 Qa8 22. h4 h6 23. Qg4 Kh7 24. Bg5 g6 25. Bc1 Bg7 26. Qe2 Rd7 27. Rc4 Qb8 28. g3 Rfd8 29. h5 gxh5 30. Qxh5 Nf6 31. Qh4 Rd1 32. Kf1 Rxe1+ 33. Kxe1 Qe5+ 34. Be3 Qxb5 35. Bxh6 Qe5+ 36. Be3+ Kg8 37. Rg4 Nxg4 38. Qxd8+ Bf8 39. Qd4 Qxd4 40. Bxd4 Bc5 41. Bxc5 bxc5 42. b4 cxb4 43. cxb4 Ne5 44. Kd2 Kf8 45. f4 Nd7 46. Ke3 Ke7 47. Ke4 f5+ 48. Kd4 0-1

[Event "Hastings Masters 2024/25 98th"]
[Site "Hastings"]
[Date "2024.12.31"]
[Round "5.9"]
[White "Waldhausen Gordon, Frederick"]
[Black "Struck, Lasse"]
[Result "1-0"]
[WhiteElo "2355"]
[BlackElo "1983"]
[PlyCount "71"]
[EventDate "2024.12.28"]
[EventType "swiss"]
[EventRounds "9"]
[EventCountry "ENG"]
[SourceTitle "BritBase"]
[Source "John Saunders"]
[SourceDate "2025.01.10"]
[SourceVersion "1"]
[SourceVersionDate "2025.01.10"]
[SourceQuality "1"]

1. d4 Nf6 2. c4 e6 3. Nc3 Bb4 4. e3 O-O 5. Bd3 d6 6. Nge2 e5 7. O-O c6 8. a3 Ba5 9. b4 Bc7 10. Bb2 Re8 11. dxe5 dxe5 12. Ng3 a5 13. Qe2 Qe7 14. c5 Be6 15. e4 Nbd7 16. Bc4 g6 17. Rfd1 b6 18. b5 Qxc5 19. Bxe6 Rxe6 20. Rac1 Qe7 21. bxc6 Nc5 22. Nd5 Nxd5 23. exd5 Rf6 24. Rc4 Bd6 25. Re1 b5 26. Rc2 b4 27. Bxe5 Bxe5 28. Qxe5 Qxe5 29. Rxe5 Nd3 30. Re3 b3 31. Rc3 Nf4 32. Ne4 Rf5 33. c7 Rc8 34. d6 Kg7 35. Rxb3 Rd5 36. h3 1-0

[Event "Hastings Masters 2024/25 98th"]
[Site "Hastings"]
[Date "2024.12.31"]
[Round "5.10"]
[White "Golding, Alex"]
[Black "Bilandzic, Ante"]
[Result "1/2-1/2"]
[WhiteElo "2405"]
[BlackElo "1912"]
[PlyCount "82"]
[EventDate "2024.12.28"]
[EventType "swiss"]
[EventRounds "9"]
[EventCountry "ENG"]
[SourceTitle "BritBase"]
[Source "John Saunders"]
[SourceDate "2025.01.10"]
[SourceVersion "1"]
[SourceVersionDate "2025.01.10"]
[SourceQuality "1"]

1. e4 c6 2. d4 d5 3. exd5 cxd5 4. Nf3 Nc6 5. Bd3 Bg4 6. c3 Qc7 7. Be3 Nf6 8. Nbd2 e6 9. O-O Be7 10. Qc2 O-O 11. a4 Rac8 12. Qb1 a6 13. Re1 Rfe8 14. Bg5 h6 15. Bh4 Bxf3 16. Nxf3 Nh5 17. Bxe7 Rxe7 18. Qd1 Nf6 19. Rc1 e5 20. dxe5 Nxe5 21. Nd4 g6 22. g3 Rce8 23. Bf1 Kg7 24. Rc2 Qc5 25. Rce2 Qc7 26. Qb3 Qd7 27. Qc2 Nc4 28. Rxe7 Rxe7 29. Rd1 Qc7 30. Ne2 Qb6 31. b3 Ne3 32. fxe3 Qxe3+ 33. Kg2 Ng4 34. Nf4 Qxf4 35. gxf4 Ne3+ 36. Kf2 Nxc2 37. Be2 d4 38. cxd4 Ne3 39. Re1 Nc2 40. Rd1 Ne3 41. Re1 Nc2 1/2-1/2

[Event "Hastings Masters 2024/25 98th"]
[Site "Hastings"]
[Date "2024.12.31"]
[Round "5.11"]
[White "Royal, Shreyas"]
[Black "Bin-Suhayl, Ieysaa"]
[Result "1-0"]
[WhiteElo "2522"]
[BlackElo "2183"]
[PlyCount "129"]
[EventDate "2024.12.28"]
[EventType "swiss"]
[EventRounds "9"]
[EventCountry "ENG"]
[SourceTitle "BritBase"]
[Source "John Saunders"]
[SourceDate "2025.01.10"]
[SourceVersion "1"]
[SourceVersionDate "2025.01.10"]
[SourceQuality "1"]

1. e4 e6 2. d4 d5 3. Nc3 dxe4 4. Nxe4 Nd7 5. Nf3 Ngf6 6. Nxf6+ Nxf6 7. Bd3 c5 8. O-O cxd4 9. Nxd4 Bc5 10. Be3 Bb6 11. Re1 O-O 12. Nf3 Bxe3 13. Rxe3 b6 14. Ne5 Bb7 15. Qe2 h6 16. Rg3 Kh8 17. Re1 Qd5 18. Bc4 Qc5 19. Qd3 Bd5 20. Bxd5 Qxd5 21. c4 Qxd3 22. Rxd3 Kg8 23. Red1 Rfc8 24. b3 g6 25. f3 Kg7 26. b4 Rc7 27. Rd4 Rac8 28. Kf2 g5 29. R1d2 Ng8 30. Rd8 Rxd8 31. Rxd8 f6 32. Rd7+ Rxd7 33. Nxd7 Kf7 34. Nb8 Ne7 35. Ke3 Ke8 36. Kd3 Kd8 37. a4 Kc7 38. Na6+ Kd6 39. c5+ bxc5 40. Nxc5 f5 41. Kc4 Nd5 42. g3 h5 43. Nd3 e5 44. Nc5 Nc7 45. b5 h4 46. a5 hxg3 47. hxg3 g4 48. fxg4 fxg4 49. Ne4+ Ke7 50. Kc5 Ne6+ 51. Kd5 Nd4 52. b6 axb6 53. axb6 Kd7 54. Nc5+ Kc8 55. Kxe5 Nc6+ 56. Kf5 Kd8 57. Kxg4 Ke7 58. b7 Nb8 59. Kf5 Kd6 60. Nb3 Kc6 61. Na5+ Kb6 62. g4 Kxa5 63. g5 Kb6 64. g6 Nd7 65. g7 1-0

[Event "Hastings Masters 2024/25 98th"]
[Site "Hastings"]
[Date "2024.12.31"]
[Round "5.12"]
[White "Saunders, Aron"]
[Black "Seo, Jung Min"]
[Result "0-1"]
[WhiteElo "2106"]
[BlackElo "2491"]
[PlyCount "56"]
[EventDate "2024.12.28"]
[EventType "swiss"]
[EventRounds "9"]
[EventCountry "ENG"]
[SourceTitle "BritBase"]
[Source "John Saunders"]
[SourceDate "2025.01.10"]
[SourceVersion "1"]
[SourceVersionDate "2025.01.10"]
[SourceQuality "1"]

1. e4 c5 2. Nf3 e6 3. b3 b6 4. Bb2 Bb7 5. Nc3 Nf6 6. e5 Ne4 7. Nxe4 Bxe4 8. Qe2 Bf5 9. g3 Be7 10. Bg2 Nc6 11. O-O Rc8 12. d3 O-O 13. Rfe1 d6 14. exd6 Qxd6 15. Nd2 Nd4 16. Qd1 Rfd8 17. Ne4 Qc7 18. c3 Nc6 19. Qe2 Rd7 20. Rad1 Rcd8 21. Rd2 Bg6 22. f4 b5 23. Qe3 Qb6 24. a3 b4 25. Rb1 Rxd3 26. Rxd3 Rxd3 27. Qf2 bxc3 28. Bxc3 Bxe4 0-1

[Event "Hastings Masters 2024/25 98th"]
[Site "Hastings"]
[Date "2024.12.31"]
[Round "5.13"]
[White "Abrahams, Daniel"]
[Black "Gasanov, Eldar"]
[Result "1/2-1/2"]
[WhiteElo "2071"]
[BlackElo "2476"]
[PlyCount "116"]
[EventDate "2024.12.28"]
[EventType "swiss"]
[EventRounds "9"]
[EventCountry "ENG"]
[SourceTitle "BritBase"]
[Source "John Saunders"]
[SourceDate "2025.01.10"]
[SourceVersion "1"]
[SourceVersionDate "2025.01.10"]
[SourceQuality "1"]

1. d4 Nf6 2. c4 e6 3. Nc3 Bb4 4. Qc2 d6 5. Nf3 Nbd7 6. a3 Bxc3+ 7. Qxc3 O-O 8. e3 b6 9. Be2 Bb7 10. O-O Ne4 11. Qc2 f5 12. Ne1 Qh4 13. f3 Ng5 14. f4 Ne4 15. Nf3 Qh6 16. Nd2 Ndf6 17. Bf3 g5 18. b3 Rae8 19. Nxe4 Bxe4 20. Qe2 g4 21. Bxe4 Nxe4 22. Bb2 Qh4 23. Qe1 Qxe1 24. Rfxe1 Kf7 25. Re2 Ke7 26. b4 Kd7 27. Rc1 c6 28. Rec2 Rc8 29. Kf1 d5 30. c5 b5 31. Bc3 Kc7 32. Be1 Kb7 33. a4 bxa4 34. Ra2 a6 35. Rxa4 Ra8 36. Rca1 Rfb8 37. R4a3 Rg8 38. Ra4 Rg6 39. R4a3 Rgg8 40. Ra4 Nf6 41. Bh4 Ne8 42. Be1 Nc7 43. Bh4 Nb5 44. Be1 Rg6 45. Ra5 Rh6 46. Kg1 Rh5 47. R5a4 Nc7 48. R4a3 Rh6 49. Ra4 Nb5 50. R4a2 Rg6 51. Kf1 Nc7 52. Ra4 Rgg8 53. Bh4 Nb5 54. Be1 Rgf8 55. R4a2 Rf6 56. Ra4 Rh6 57. Kg1 Nc7 58. R4a2 Nb5 1/2-1/2

[Event "Hastings Masters 2024/25 98th"]
[Site "Hastings"]
[Date "2024.12.31"]
[Round "5.16"]
[White "Gu In-Jung"]
[Black "Golding, James"]
[Result "1-0"]
[WhiteElo "1987"]
[BlackElo "2203"]
[PlyCount "183"]
[EventDate "2024.12.28"]
[EventType "swiss"]
[EventRounds "9"]
[EventCountry "ENG"]
[SourceTitle "BritBase"]
[Source "John Saunders"]
[SourceDate "2025.01.10"]
[SourceVersion "1"]
[SourceVersionDate "2025.01.10"]
[SourceQuality "1"]

1. Nf3 d5 2. g3 c5 3. Bg2 Nc6 4. d4 Nf6 5. O-O e6 6. c4 Be7 7. cxd5 exd5 8. Nc3 O-O 9. Bg5 c4 10. Ne5 Be6 11. e3 Rc8 12. h3 Ne8 13. Nxc6 bxc6 14. Bxe7 Qxe7 15. Na4 Nd6 16. b3 Rb8 17. Nc5 Bf5 18. Qd2 Rb5 19. Rfc1 Rfb8 20. Bf1 Qf6 21. g4 Ne4 22. Nxe4 Bxe4 23. Bg2 Bd3 24. Rc3 Qg6 25. Bf1 Bxf1 26. Rxf1 cxb3 27. Rxb3 Rxb3 28. axb3 Rxb3 29. Qa2 Rb7 30. Qa6 Rc7 31. Qa5 Qd6 32. Rb1 h6 33. Rb8+ Kh7 34. Qa6 Qe7 35. Qd3+ g6 36. Qa6 f5 37. Rc8 fxg4 38. hxg4 Qd7 39. Rxc7 Qxc7 40. f4 Qd7 41. Kf2 Kg7 42. Kf3 Kf7 43. Kf2 Qc7 44. Kf3 Ke8 45. Qd3 Kf7 46. Qa6 Ke6 47. Qd3 Kf6 48. Qa3 Qe7 49. Qa6 Qe4+ 50. Kf2 Qc2+ 51. Kg3 Qc1 52. Kf3 Qh1+ 53. Kg3 Qe1+ 54. Kf3 Qd1+ 55. Kg3 Qc1 56. Kf3 g5 57. Qc8 Qf1+ 58. Kg3 gxf4+ 59. exf4 Qg1+ 60. Kf3 Qd1+ 61. Kg3 Qe1+ 62. Kf3 Qe4+ 63. Kg3 Qe3+ 64. Kh4 Qf2+ 65. Kh3 Qf3+ 66. Kh4 Qh1+ 67. Kg3 Qe1+ 68. Kf3 Qc3+ 69. Kg2 Qb2+ 70. Kg3 Qa3+ 71. Kg2 Qb2+ 72. Kg3 Qa3+ 73. Kh4 Qd6 74. Kh5 Kf7 75. Qb7+ Kg8 76. Qc8+ Kg7 77. Qb7+ Kg8 78. Qa8+ Kg7 79. Qxa7+ Kg8 80. Qa8+ Kg7 81. Qb7+ Kg8 82. Qc8+ Kg7 83. Qf5 c5 84. dxc5 Qxc5 85. Qg6+ Kf8 86. Qxh6+ Ke7 87. Qg7+ Ke8 88. Qe5+ Kf7 89. g5 Qc6 90. f5 Qd7 91. g6+ Kg8 92. Qe6+ 1-0

[Event "Hastings Masters 2024/25 98th"]
[Site "Hastings"]
[Date "2024.12.31"]
[Round "5.23"]
[White "Lux, Hugo de Melo"]
[Black "Byron, Alan M"]
[Result "1-0"]
[WhiteElo "2327"]
[BlackElo "2069"]
[PlyCount "61"]
[EventDate "2024.12.28"]
[EventType "swiss"]
[EventRounds "9"]
[EventCountry "ENG"]
[SourceTitle "BritBase"]
[Source "John Saunders"]
[SourceDate "2025.01.10"]
[SourceVersion "1"]
[SourceVersionDate "2025.01.10"]
[SourceQuality "1"]

1. e4 c6 2. d4 d5 3. Nc3 dxe4 4. Nxe4 Nf6 5. Nxf6+ exf6 6. Bd3 Bd6 7. Qh5 Be6 8. Ne2 g6 9. Qh6 Nd7 10. Qg7 Ke7 11. Qh6 Qf8 12. Qd2 Qb8 13. c4 Rd8 14. h4 a5 15. Qe3 b5 16. O-O Kf8 17. c5 Bc7 18. Be4 Ra6 19. Qf3 Qb7 20. Bh6+ Kg8 21. Nf4 f5 22. Bc2 Nf8 23. Rfe1 Raa8 24. Rad1 a4 25. h5 Bd5 26. Qg3 Ne6 27. Bxf5 Nxf4 28. Bxf4 Bxf4 29. Qxf4 Bxa2 30. h6 Re8 31. Bb1 1-0

[Event "Hastings Masters 2024/25 98th"]
[Site "Hastings"]
[Date "2024.12.31"]
[Round "5.31"]
[White "Ahn, Sungmin"]
[Black "Bazakutsa, Svyatoslav"]
[Result "0-1"]
[WhiteElo "1926"]
[BlackElo "2484"]
[PlyCount "82"]
[EventDate "2024.12.28"]
[EventType "swiss"]
[EventRounds "9"]
[EventCountry "ENG"]
[SourceTitle "BritBase"]
[Source "John Saunders"]
[SourceDate "2025.01.10"]
[SourceVersion "1"]
[SourceVersionDate "2025.01.10"]
[SourceQuality "1"]

1. e4 c5 2. Nc3 Nc6 3. Bb5 Nd4 4. Nf3 Nxf3+ 5. Qxf3 e6 6. a4 a6 7. Bc4 g6 8. d3 d6 9. O-O Bg7 10. Bd2 Ne7 11. Bg5 h6 12. Bf6 O-O 13. Bxg7 Kxg7 14. Rad1 Nc6 15. Qg3 Rb8 16. f4 Nd4 17. Rd2 b5 18. axb5 axb5 19. Bb3 Kh7 20. Kh1 f5 21. Qe1 Ra8 22. Ne2 Nc6 23. c3 d5 24. Ng1 b4 25. Nf3 bxc3 26. bxc3 Ra3 27. Qd1 Na5 28. Bc2 fxe4 29. dxe4 Nc4 30. Rd3 Nb2 31. Qc1 Nxd3 32. Qxa3 dxe4 33. c4 Rxf4 34. g3 Rxf3 35. Rxf3 exf3 36. Bxd3 Bb7 37. Qa7 Qd7 38. h4 f2+ 39. Kh2 Qc6 40. Bxg6+ Kxg6 41. h5+ Kh7 0-1

[Event "Hastings Masters 2024/25 98th"]
[Site "Hastings"]
[Date "2024.12.31"]
[Round "5.41"]
[White "Zhou, Yang-Fan"]
[Black "Laurent-Paoli, Pierre"]
[Result "0-1"]
[WhiteElo "2424"]
[BlackElo "2559"]
[PlyCount "140"]
[EventDate "2024.12.28"]
[EventType "swiss"]
[EventRounds "9"]
[EventCountry "ENG"]
[SourceTitle "BritBase"]
[Source "John Saunders"]
[SourceDate "2025.01.10"]
[SourceVersion "1"]
[SourceVersionDate "2025.01.10"]
[SourceQuality "1"]

1. e4 c5 2. Nf3 Nc6 3. d4 cxd4 4. Nxd4 Nf6 5. Nc3 e5 6. Ndb5 d6 7. Bg5 a6 8. Na3 b5 9. Nd5 Be7 10. Bxf6 Bxf6 11. c4 b4 12. Nc2 Rb8 13. g3 O-O 14. b3 Be6 15. Bg2 Bg5 16. O-O a5 17. f4 exf4 18. gxf4 Bh6 19. Kh1 g6 20. Nce3 Bg7 21. Rc1 Qh4 22. c5 dxc5 23. Rxc5 Nd4 24. Rxa5 Rfc8 25. Nc4 Bg4 26. Qe1 Qd8 27. Ra7 Nc6 28. Ra6 Ra8 29. Rxa8 Rxa8 30. Qf2 Bd4 31. Qd2 Bc3 32. Qf2 Nd4 33. e5 Kg7 34. Nd6 Nf5 35. Nf6 Bd4 36. Qd2 Nxd6 37. Qxd4 Be2 38. exd6 Qxf6 39. Qxf6+ Kxf6 40. Re1 Rxa2 41. d7 Rd2 42. Rxe2 Rd1+ 43. Bf1 Rxf1+ 44. Kg2 Rd1 45. Re4 Rxd7 46. Rxb4 Kf5 47. Rc4 Rd2+ 48. Kg1 Kg4 49. b4 f5 50. Rc7 Kf3 51. h3 Rd1+ 52. Kh2 Rd2+ 53. Kg1 Kg3 54. Kf1 Rf2+ 55. Kg1 Rb2 56. Kf1 Rxb4 57. Rxh7 Rxf4+ 58. Kg1 Ra4 59. Kf1 Rf4+ 60. Ke2 Re4+ 61. Kd3 Re6 62. h4 f4 63. h5 gxh5 64. Rxh5 f3 65. Rg5+ Kf2 66. Rg8 Kf1 67. Kd2 f2 68. Rg7 Rd6+ 69. Kc3 Rd5 70. Kc4 Rd1 0-1